Top 100 TV shows - Statistics

General Stats
  • This quiz has been taken 728 times
  • The average score is 13 of 100
Answer Stats
% Correct
Friends
82%
Breaking Bad
54%
Seinfeld
50%
Game of Thrones
49%
Cheers
45%
The Simpsons
41%
The Sopranos
40%
ER
37%
M*A*S*H
36%
I Love Lucy
33%
Lost
31%
House
29%
Frasier
28%
All in the Family
27%
Mad Men
26%
South Park
25%
The Cosby Show
24%
The Wire
23%
Dexter
21%
Roseanne
21%
Star Trek
21%
The X-Files
21%
Golden Girls
20%
Modern Family
19%
Everybody Loves Raymond
18%
Family Ties
17%
24
16%
Hill Street Blues
16%
Saturday Night Live
16%
Buffy the Vampire Slayer
15%
The Twilight Zone
15%
NYPD Blue
14%
Taxi
14%
The Honeymooners
14%
Twin Peaks
14%
Arrested Development
13%
Oz
13%
Six Feet Under
13%
The Andy Griffith Show
13%
The Dick Van Dyke Show
13%
The West Wing
12%
30 Rock
11%
Gunsmoke
11%
Downton Abbey
10%
Homeland
10%
Murphy Brown
10%
St. Elsewhere
10%
The Wonder Years
10%
Curb Your Enthusiasm
9%
L.A. Law
9%
The Mary Tyler Moore Show
9%
the UK Office
9%
Battlestar Galactica
8%
Boardwalk Empire
8%
Deadwood
8%
Sesame Street
8%
Fawlty Towers
7%
Freaks and Geeks
7%
The Carol Burnett Show
7%
The Shield
7%
Columbo
6%
Friday Night Lights
6%
Moonlighting
5%
Star Trek: The Next Generation
5%
The Good Wife
5%
Band of Brothers
4%
Barney Miller
4%
Law & Order
4%
My So-Called Life
4%
The Bob Newhart Show
4%
The Odd Couple
4%
The Rockford Files
4%
Thirtysomething
4%
Get Smart
3%
Justified
3%
Late Night with David Letterman
3%
Monty Python’s Flying Circus
3%
Northern Exposure
3%
The Fugitive
3%
The Larry Sanders Show
3%
The Muppet Show
3%
Alfred Hitchcock Presents
2%
Homicide: Life on the Street
2%
Louie
2%
Roots
2%
The Colbert Report
2%
the US Office
2%
Will & Grace
2%
Your Show of Shows
2%
Absolutely Fabulous
1%
I, Claudius
1%
Rowan & Martin’s Laugh-In
1%
Sex & The City
1%
The Daily Show with Jon Stewart
1%
The Prisoner
1%
Upstairs, Downstairs
1%
Lonesome Dove and Soap
0%
Playhouse 90
0%
Sgt. Bilko/The Phil Silvers Show
0%
The Defenders
0%
No matching quizzes found
Score Distribution
Percent of People with Each Score
Percentile by Number Answered
Your Score History
You have not taken this quiz